Apuntes sobre la persona jurídica en el Código Civil y Comercial (Registro nro. 12153)

Detalles MARC
000 -LEADER
fixed length control field 00335 a2200109 4500
001 - CONTROL NUMBER
control field ART_37577
005 - DATE AND TIME OF LATEST TRANSACTION
control field 20260410161628.0
008 - FIXED-LENGTH DATA ELEMENTS--GENERAL INFORMATION
fixed length control field 260409a
100 1# - MAIN ENTRY--PERSONAL NAME
Personal name Junyent Bas, Francisco
245 10 - TITLE STATEMENT
Title Apuntes sobre la persona jurídica en el Código Civil y Comercial
773 0# - HOST ITEM ENTRY
Title Enfoques
Related parts - Nº 4 (abr. 2016)
Record control number REV416

No hay ítems disponibles.